Most visited countries by the italians - Statistics

General Stats
  • This quiz has been taken 27 times
  • The average score is 9 of 10
Answer Stats
Tourists Countries % Correct
7.500.000 France
100%
3.500.000 Germany
100%
6.800.000 Spain
100%
3.100.000 United Kingdom
100%
1.400.000 United States
96%
4.200.000 Greece
93%
1.200.000 Austria
89%
1.900.000 Egypt
85%
850.000 Japan
74%
2.400.000 Albania
63%
No matching quizzes found
Score Distribution
Percent of People with Each Score
Percentile by Number Answered
Your Score History
You have not taken this quiz